000 01546nam a2200349 a 4500
001 BRCA_1540
005 20190320203450.0
008 930816s1993 mx-a---##b---#000-0#spa-#
020 _a9682948657 (Obra completa)
040 _aDLC
_cDLC
041 _aspa
044 _amx
050 4 _aND259.V4
_b.A48 1993
100 1 _aAltamirano Piolle, María Elena
_94960
245 1 0 _aJosé María Velasco
_b1840-1912, homenaje nacional
_cMaría Elena Altamirano Piolle ; introducción Fausto Ramírez ; prólogo Xavier Moyssén.
250 _a2
260 _a[México]
_bAmigos del Museo Nacional de Arte
_c1993
300 _a2 v.
_bil. (algunas a color)
_c33 cm.
_e[1 addenda (27 p.)]
500 _aCatálogo de la exposición realizada en el Museo Nacional de Arte (Ciudad de México), julio - octubre, 1993
500 _aIncluye apéndice documental : cuadros originales de paisaje pintados por José María Velasco
500 _aIncluye piezas de la colección Franz Mayer: p. 472
501 _aCon : José María Velasco : paisajes de luz, horizontes de modernidad / María Elena Altamirano Piolle
504 _aBibliografía: p. 531-535 (v.2)
600 1 4 _aVelasco, José María
_d1840-1912
_vExposiciones
_94961
600 1 4 _aLandesio, Eugenio
_d1810-1879
_94962
610 2 4 _aAcademia de San Carlos (Ciudad de México)
_94963
650 1 4 _aPintura de paisajes
_ySiglo XIX
_zMéxico
_9108
700 1 _aVelasco, José María
_d1840-1912
_94964
700 1 _aMoyssén, Xavier
_93873
700 1 _aRamírez, Fausto
_94704
942 _2lcc
_cB
999 _c1385
_d1385